Missing Word: Rhyming Movie Titles II Quiz Stats

 Plays Quiz Updated Feb 6, 2018

Challenge
Share
Tweet
Embed
Score 0/16 Timer 03:00
0 Plays Today
Hint Answer % Correct
Paul Blart: ________ CopMall
97%
The ________ of the WildCall
95.1%
Monster's ________Ball
93.3%
Legends of the ________Fall
93%
________ the Pretty HorsesAll
89.8%
Total ________Recall
84.5%
________ TaleTall
82.1%
________ PassHall
80.7%
Hint Answer % Correct
________ StreetWall
77.1%
The Long ________Haul
61.3%
Baby ________Doll
37.5%
________ SoldiersSmall
32.9%
The Dying ________Gaul
28.5%
The Bright ________Shawl
14.2%
Jesus of ________Montreal
6%
Mr. ________Baseball
4.9%

Today's Daily Dose

Missing Word
Entertainment 'M'

Word Ladder
North Carolina

On This Day
January 16th II

You're not logged in!

Compare scores with friends on all Sporcle quizzes.
OR
Log In

You Might Also Like...

Show Comments

Extras

Top Quizzes Today


Score Distribution

Your Account Isn't Verified!

In order to create a playlist on Sporcle, you need to verify the email address you used during registration. Go to your Sporcle Settings to finish the process.

Report this User

Report this user for behavior that violates our Community Guidelines.

Details: